| 000 | 00903cam a2200289 i 4500 | ||
|---|---|---|---|
| 001 | 26506 | ||
| 003 | BD-RjUL | ||
| 005 | 20211209051028.0 | ||
| 008 | 140322s1892 enkb 001 0beng d | ||
| 035 | _a(BD-RjUL)26576 | ||
| 040 |
_aDLC _cDLC _dDLC _dBD-RjUL _beng |
||
| 041 | _aeng | ||
| 082 | 0 | 0 |
_a954.02540924 _bCOR 1892 |
| 100 | 1 |
_aCotton, J. S _981529 |
|
| 245 | 1 | 0 |
_aRulers of India : _bMountstuart Elphinstone / _cJ. S Cotton |
| 260 |
_aOxford : _bAt the Clarendon Press, _c1892. |
||
| 300 |
_a222p. : _bill. ; _c22 cm. |
||
| 500 | _aRunning title: The Emperor Akbar. | ||
| 500 | _aReprint of the 1903 ed. | ||
| 500 | _aIncludes index. | ||
| 600 | 0 | 0 |
_aAkbar, _cEmperor of Hindustan, _d1542-1605. _981531 |
| 651 | 0 |
_aMogul Empire _xHistory. _919831 |
|
| 651 | 0 |
_aMogul Empire _xKings and rulers _xBiography _962386 |
|
| 942 |
_2ddc _cBK |
||
| 999 |
_c26506 _d26506 |
||